Statistics for Biggest Dutch trade goods

Click here to take the quiz!

General Stats

  • This quiz has been taken 16 times
  • The average score is 4 of 32

Answer Stats

Export volumeProduct% Correct
$36.4 BCrude oil
75%
$14.9 BCrude oil
75%
$6.05 BCars
63%
$10.6 BCars
63%
$11.0 BComputers
38%
$11.1 BComputers
38%
$3.42 BCoal
19%
$12.9 BPacked medicin
6%
$9.24 BPacked medicin
6%
$5.54 BPetroleum gas
6%
$5.27 BTractors
6%
$17.8 BBroadcasting equipment
0%
$15.1 BBroadcasting equipment
0%
$3.37 BCoal tar oil
0%
$5.52 BCoal tar oil
0%
$6.71 BFoto lab equipment
0%
$7.47 BHuman and animal blood
0%
$13.2 BHuman and animal blood
0%
$2.95 BIndustrial fats, oils and alcohols
0%
$4.83 BIndustrial printers
0%
$5.27 BIntegrated circuits
0%
$9.24 BIntegrated circuits
0%
$8.06 BMedical instruments
0%
$5.71 BMedical instruments
0%
$15.9 BOffice machinery parts
0%
$9.46 BOffice machinery parts
0%
$5.57 BOrthopedic devices
0%
$4.71 BPolyacetals
0%
$33.1 BRefined petroleum
0%
$37.2 BRefined petroleum
0%
$4.29 BVehicle parts
0%
$5.97 BVehicle parts
0%

Score Distribution

Percentile by Number Answered

Percent of People with Each Score

Your Score History

You have not taken this quiz